[Event "It (open) \"]
[Site "masterchessopen.com  Kavala (Greece)"]
[Date "1998.08.15"]
[Round "5"]
[White "Panagiotopoulos Orestis (GRE)"]
[Black "Miladinovic Igor (SRB)"]
[Result "0-1"]
[WhiteElo "2191"]
[BlackElo "2555"]

1.e4 c5 2.Nf3 Nc6 3.d4 cxd4 4.Nxd4 Qc7 5.Nc3 e6 6.Be3 a6 7.Be2 Nf6 8.O-O Bb4
9.f3 d5 10.exd5 exd5 11.Kh1 O-O 12.Nb1 Re8 13.Bg1 Bd6 14.c3 Nxd4 15.cxd4 Qb6
16.Qd2 Nh5 17.Nc3 Bf4 18.Nxd5 Ng3+ {#R} 0-1

[Event "Tournament \"]
[Site "masterchessopen.com  Ibarra (Ecuador)"]
[Date "1998.09.19"]
[Round "4"]
[White "Carrasco Aulestia Maria (ECU)"]
[Black "Vasquez Ramirez Rocio (ECU)"]
[Result "0-1"]
[WhiteElo "2073"]
[BlackElo "2183"]

1.e4 c5 2.Nf3 e6 3.d4 cxd4 4.Nxd4 Nc6 5.Nc3 Qc7 6.Be3 a6 7.Be2 b5 8.a3 Bb7
9.Qd2 Nf6 10.f4 b4 11.axb4 Bxb4 12.Bf3 Na5 13.Nde2 d5 14.e5 Nc4 15.Qc1 Nd7
16.O-O Ndb6 17.Bd4 Nd7 18.Ra4 Bc5 19.Ra2 O-O 20.Rd1 Rfc8 21.Kh1 Rab8 22.Bxc5
Qxc5 23.Nd4 Nxb2 24.Qxb2 Qxc3 25.Qxc3 Rxc3 {#R} 0-1

[Event "Ch Greece (w)"]
[Site "masterchessopen.com  Athens (Greece)"]
[Round "5"]
[White "Makropoulou Marina (GRE)"]
[Black "Kouvatsou Maria (GRE)"]
[Result "1-0"]
[WhiteElo "2276"]
[BlackElo "2152"]

1.e4 c5 2.Nf3 Nc6 3.d4 cxd4 4.Nxd4 Qc7 5.Nc3 e6 6.Be2 a6 7.Be3 Nf6 8.f4 Bb4
9.Bf3 e5 10.Nxc6 dxc6 11.f5 b5 12.O-O Bb7 13.Qe2 O-O 14.Qf2 Nd7 15.Kh1 Rfe8
16.Qg3 f6 17.Bh5 Red8 18.Ne2 Bf8 19.Nd4 Nc5 20.Ne6 Nxe6 21.fxe6 Kh8 22.Bf7 Qe7
23.Qh4 g5 24.Qf2 Bg7 25.Bc5 Qc7 26.e7 Rdc8 27.Rad1 a5 28.Qf5 {#r} 1-0

[Event "It (open)"]
[Site "masterchessopen.com  Athens (Greece)"]
[Round "1"]
[White "Masouros Panagiotis (GRE)"]
[Black "Miladinovic Igor (SRB)"]
[Result "0-1"]
[WhiteElo "1966"]
[BlackElo "2526"]

1.e4 c5 2.Nf3 Nc6 3.d4 cxd4 4.Nxd4 Qc7 5.Nc3 e6 6.Be3 a6 7.Be2 Nf6 8.O-O Bb4
9.Nxc6 bxc6 10.Qd4 c5 11.Qc4 Bb7 12.Bf3 Qe5 13.Ne2 Nxe4 14.Bf4 Qd5 15.Qd3 c4
16.Qe3 Bc5 17.Bxe4 Qxe4 18.Qxc5 Qxg2# 0-1

[Event "Ch Colombia (juniors) (under 18) (qual)"]
[Site "masterchessopen.com  Barranquilla (Colombia)"]
[Round "1"]
[White "Pena Alfredo (COL)"]
[Black "Barrios Felix (COL)"]
[Result "0-1"]
[WhiteElo "2304"]
[BlackElo "2225"]

1.e4 c5 2.Nf3 e6 3.d4 cxd4 4.Nxd4 Nc6 5.Nc3 Qc7 6.Be3 a6 7.Be2 Nf6 8.O-O Bb4
9.f3 O-O 10.Qd3 Ne5 11.Qd2 d5 12.Bd3 Nxd3 13.cxd3 e5 14.Nc2 Ba5 15.b4 Bb6
16.Bxb6 Qxb6+ 17.Qf2 d4 {#R} 0-1

[Event "It (open)"]
[Site "masterchessopen.com  Berlin (Germany)"]
[Round "2"]
[White "Schmidt Michael (GER)"]
[Black "Koenig Frank (GER)"]
[Result "0-1"]
[WhiteElo "2167"]
[BlackElo "1979"]

1.e4 c5 2.Nf3 e6 3.d4 cxd4 4.Nxd4 a6 5.Nc3 Qc7 6.Be3 Nc6 7.Be2 b5 8.O-O Bb7
9.Re1 Nf6 10.f3 Rd8 11.Qd2 Be7 12.Bd3 d5 13.e5 Nxe5 14.Bf4 Nfd7 15.Qe3 Qc5
16.Kh1 Nxd3 17.Qxd3 O-O 18.Rad1 Bf6 19.Nde2 Ne5 20.Bxe5 Bxe5 21.Ng3 Bb8
22.Nce4 Qe7 23.Nf5 exf5 24.Ng3 Qh4 {#R} 0-1

[Event "It (open)"]
[Site "masterchessopen.com  Bretagne (France)"]
[Round "7"]
[White "Terrieux Kevin (FRA)"]
[Black "Bodenez Vincent (FRA)"]
[Result "1-0"]
[WhiteElo "2395"]
[BlackElo "2203"]

1.e4 c5 2.Nf3 e6 3.d4 cxd4 4.Nxd4 Nc6 5.Nc3 a6 6.Be3 Qc7 7.Be2 Nf6 8.O-O Bb4
9.f3 h5 10.a3 Bd6 11.f4 Ng4 12.Bxg4 hxg4 13.Ndb5 axb5 14.Nxb5 Qa5 15.Nxd6+ Ke7
16.e5 f5 17.b4 {#r} 1-0

[Event "It (open)"]
[Site "masterchessopen.com  Lippstadt (Germany)"]
[Round "6"]
[White "Schaffarczyk Andre (GER)"]
[Black "Wolter Kai (GER)"]
[Result "0-1"]
[WhiteElo "2108"]
[BlackElo "2344"]

1.e4 c5 2.Nf3 e6 3.d4 cxd4 4.Nxd4 Nc6 5.Nc3 Qc7 6.Be3 a6 7.Be2 Nf6 8.O-O Bb4
9.Na4 Be7 10.Nxc6 bxc6 11.Nb6 Rb8 12.Nxc8 Qxc8 13.e5 Nd5 14.Bc1 Bc5 15.Qd3 O-O
16.Qg3 Ne7 17.h4 Nf5 18.Qf4 f6 19.exf6 Rxf6 20.Qc4 Qf8 21.Bg5 Rf7 22.Qg4 Rb4
23.c4 Rxb2 24.Bd3 Bxf2+ 25.Kh2 h5 26.Qe4 d5 27.cxd5 cxd5 28.Qa4 Rb4 {#R} 0-1

[Event "Ch World (juniors) (under 12)"]
[Site "masterchessopen.com  Oropesa (Spain)"]
[Round "1"]
[White "Vicol Dorian (MDA)"]
[Black "Meszaros Michal (SVK)"]
[Result "1-0"]
[WhiteElo "2010"]
[BlackElo "2377"]

1.e4 c5 2.Nf3 e6 3.Nc3 Nc6 4.d4 cxd4 5.Nxd4 Qc7 6.Be3 a6 7.Be2 Nf6 8.O-O Bb4
9.f3 Ne5 10.Bf4 d6 11.Nb3 O-O 12.Qd4 Bxc3 13.bxc3 Nh5 14.Be3 b5 15.Rad1 Rd8
16.f4 Nc6 17.Qb6 Qd7 18.Bc5 Qe8 19.Bxh5 Rb8 20.Qc7 dxc5 21.Qxc6 Bb7 22.Qxe8+
{#r} 1-0

[Event "Ch Croatia (open)"]
[Site "masterchessopen.com  Pula (Croatia)"]
[Round "4"]
[White "Horvat Sasa (CRO)"]
[Black "Sale Srdjan (CRO)"]
[Result "1-0"]
[WhiteElo "2174"]
[BlackElo "2420"]

1.e4 c5 2.Nf3 Nc6 3.d4 cxd4 4.Nxd4 Qc7 5.Nc3 e6 6.Be2 a6 7.Be3 Nf6 8.O-O Bb4
9.f4 Bxc3 10.bxc3 Nxe4 11.Bd3 Nf6 12.Nxc6 bxc6 13.Qf3 Nd5 14.Bd4 f6 15.Qh5+
Kf8 16.c4 Ne7 17.Rae1 d6 18.c5 d5 19.Re3 Ng8 20.Qh4 Rb8 21.Be5 fxe5 22.fxe5+
Ke8 23.Bg6+ {#r} 1-0

[Event "Ch Georgia (juniors) (under 16)"]
[Site "masterchessopen.com  Tbilisi (Georgia)"]
[Round "0"]
[White "Paresishvili Giorgi (GEO)"]
[Black "Sulashvili Giorgi (GEO)"]
[Result "1-0"]
[WhiteElo "2272"]
[BlackElo "2151"]

1.e4 c5 2.Nf3 e6 3.d4 cxd4 4.Nxd4 Nc6 5.Nc3 Qc7 6.Be3 a6 7.Be2 Nf6 8.O-O Bb4
9.Na4 Be7 10.Nxc6 bxc6 11.Bd3 d5 12.exd5 cxd5 13.c4 Bb7 14.Nb6 Rd8 15.cxd5
Nxd5 16.Rc1 Qd6 17.Bc5 Qc7 18.Qa4+ Qc6 19.Qxc6+ Bxc6 20.Bxe7 Nxe7 21.Bxa6 O-O
22.a4 Rb8 23.a5 Rfd8 24.b4 Be8 25.Rfd1 Nc6 26.Rb1 Nd4 {#r} 1-0

[Event "Tournament (juniors) (under 16)"]
[Site "masterchessopen.com  Wewelsburg (Germany)"]
[Round "6"]
[White "Schuster Manuel (GER)"]
[Black "Pflaum Pascal"]
[Result "0-1"]
[WhiteElo "1882"]
[BlackElo "1247"]

1.e4 c5 2.Nf3 e6 3.d4 cxd4 4.Nxd4 a6 5.Be2 Qc7 6.Nc3 Nc6 7.Be3 Nf6 8.O-O Bb4
9.Na4 Nxe4 10.c3 Be7 11.b3 O-O 12.c4 f5 13.f3 Nf6 14.Nxc6 Qxc6 15.Qc2 b5
16.Nb2 Bb7 17.Nd3 Bd6 18.Bf4 Bxf4 19.Nxf4 Rac8 20.Qb2 Qb6+ 21.Kh1 bxc4 22.Bxc4
Rxc4 {#R} 0-1

[Event "Ch Hungary (team) 1998/99 (3 liga)"]
[Site "masterchessopen.com  Hungary"]
[Date "1999.02.28"]
[Round "7"]
[White "Torotto Antal (HUN)"]
[Black "Jagicza Zsolt (HUN)"]
[Result "1-0"]
[WhiteElo "2136"]
[BlackElo "2195"]

1.e4 c5 2.Nf3 e6 3.d4 cxd4 4.Nxd4 Nc6 5.Nc3 Qc7 6.Be3 a6 7.Be2 Nf6 8.O-O Bb4
9.Nxc6 bxc6 10.Na4 O-O 11.Qd4 Bd6 12.g3 Rb8 13.f4 Rb4 14.c4 e5 15.Qd1 Nxe4
16.a3 Rb8 17.c5 Be7 18.fxe5 f5 19.Qd4 Bg5 20.Bc4+ Kh8 21.Qxe4 {#r} 1-0

[Event "It (open)"]
[Site "masterchessopen.com  Augsburg (Germany)"]
[Round "1"]
[White "Bussjaeger Johann (GER)"]
[Black "Ebeling Jens (GER)"]
[Result "0-1"]
[WhiteElo "1855"]
[BlackElo "2175"]

1.e4 c5 2.Nf3 e6 3.d4 cxd4 4.Nxd4 Nc6 5.Nc3 a6 6.Be3 Qc7 7.Be2 Nf6 8.Qd2 Bb4
9.f3 d5 10.O-O dxe4 11.a3 Bxc3 12.Qxc3 Nd5 13.Nxe6 Bxe6 14.Qxg7 O-O-O 15.Bf2
Nf4 {#R} 0-1

[Event "It (open)"]
[Site "masterchessopen.com  Bogota (Colombia)"]
[Round "6"]
[White "Renteria Jorge (COL)"]
[Black "Mendoza Rafael (COL)"]
[Result "1-0"]
[WhiteElo "2271"]
[BlackElo "2347"]

1.e4 c5 2.Nf3 Nc6 3.d4 cxd4 4.Nxd4 e6 5.Nc3 Qc7 6.Be3 a6 7.Be2 Nf6 8.O-O b5
9.Nxc6 dxc6 10.f4 Bb7 11.Bf3 e5 12.f5 Bd6 13.Qe1 Qe7 14.Qf2 Nd7 15.Rad1 Bc5
16.Rxd7 Qxd7 17.Bxc5 O-O-O 18.Bb6 Rde8 19.Rd1 Qe7 20.Bc5 Qf6 21.Rd6 Qg5 22.Bb6
h5 23.Qc5 Rh6 24.Rd1 Kb8 25.a4 Qe7 26.Rd8+ Bc8 27.Ba7+ {#r} 1-0

[Event "It (open)"]
[Site "masterchessopen.com  Cannes (France)"]
[Round "8"]
[White "Beudaert Xavier (FRA)"]
[Black "Perez Flavio (FRA)"]
[Result "1-0"]
[WhiteElo "2194"]
[BlackElo "2121"]

1.e4 c5 2.Nf3 e6 3.d4 cxd4 4.Nxd4 Nc6 5.Nc3 a6 6.Be2 Qc7 7.Be3 Nf6 8.O-O Bb4
9.Na4 Rb8 10.c4 d6 11.a3 Bc5 12.Nxc5 dxc5 13.Nxc6 Qxc6 14.e5 Nd7 15.f4 b6
16.Bf3 Qc7 17.Qe2 Bb7 18.Rad1 Rd8 19.Bxb7 Qxb7 20.Bf2 h5 21.Bh4 Rc8 22.Rd3 b5
23.Rfd1 Rc7 24.f5 bxc4 25.Rd6 O-O 26.f6 {#r} 1-0

[Event "Ch Baden (juniors) (under 18)"]
[Site "masterchessopen.com  Karlsruhe/Schoenek (Germany)"]
[Round "5"]
[White "Gattenloehner Sebastian (GER)"]
[Black "Schenk Andreas (GER)"]
[Result "0-1"]
[WhiteElo "2188"]
[BlackElo "2325"]

1.e4 c5 2.Nf3 e6 3.d4 cxd4 4.Nxd4 Nc6 5.Nc3 Qc7 6.Be3 a6 7.Be2 Nf6 8.O-O Bb4
9.Bd3 Ne5 10.Nce2 d5 11.Ng3 O-O 12.Nf3 Bd6 13.Kh1 Nxd3 14.cxd3 Bd7 15.Qe2 dxe4
16.Ne1 Bb5 17.a4 Bxd3 18.Nxd3 exd3 19.Qxd3 Bxg3 20.fxg3 Rfd8 21.Qe2 Qe5
22.Rfe1 Rac8 23.Qf3 Qd5 24.Rad1 Qxf3 25.gxf3 Nd5 {#R} 0-1

[Event "Cup Russia (open)"]
[Site "masterchessopen.com  Moscow (Russia)"]
[Round "2"]
[White "Jakovenko Dmitry (RUS)"]
[Black "Kuzuev Danil (RUS)"]
[Result "1-0"]
[WhiteElo "2506"]
[BlackElo "2369"]

1.e4 c5 2.Nf3 e6 3.d4 cxd4 4.Nxd4 Nc6 5.Nc3 Qc7 6.Be3 a6 7.Be2 Na5 8.O-O b5
9.Qd3 Bb7 10.f4 Rc8 11.Rad1 Nc4 12.Bc1 Bb4 13.Kh1 Ne7 14.Ncxb5 axb5 15.Nxb5
Qd8 16.Qb3 Qa5 17.Bxc4 Bxe4 18.Bd2 Bxd2 19.Nd6+ Kf8 20.Nxe4 {#r} 1-0

[Event "Ch France (juniors)"]
[Site "masterchessopen.com  Pau (France)"]
[Round "7"]
[White "Leclair Marie (FRA)"]
[Black "Bardin Yolene"]
[Result "1-0"]
[WhiteElo "2050"]
[BlackElo "1700"]

1.e4 c5 2.Nf3 e6 3.d4 cxd4 4.Nxd4 a6 5.Nc3 Qc7 6.Be2 Nc6 7.Be3 Nf6 8.O-O Bb4
9.Bd3 Bxc3 10.bxc3 h5 11.h3 d6 12.f4 Na5 13.Qe2 Qxc3 14.Nf3 Bd7 15.e5 dxe5
16.fxe5 Nd5 17.Bd4 Qc7 18.Ng5 Nc6 19.Bb2 Qb6+ 20.Qf2 Qxb2 21.Qxf7+ Kd8 22.Qxg7
Qxe5 23.Nf7+ Kc7 24.Nxe5 Nxe5 25.Qxe5+ {#r} 1-0

[Event "It (open)"]
[Site "masterchessopen.com  Traum (Austria)"]
[Round "4"]
[White "Budde Reinhard (GER)"]
[Black "Schuler Georg (GER)"]
[Result "0-1"]
[WhiteElo "1831"]
[BlackElo "1926"]

1.e4 c5 2.Nf3 e6 3.d4 cxd4 4.Nxd4 a6 5.Be2 Qc7 6.Nc3 Nc6 7.Be3 Nf6 8.O-O Bb4
9.f3 Bd6 10.h3 Nh5 11.Bf2 Nxd4 12.Qxd4 Be5 13.Qd2 Bf4 14.Qd3 Ng3 15.Bxg3 Bxg3
16.Kh1 O-O 17.Nd1 Qf4 18.c4 Qh4 19.Ne3 Be5 20.Rab1 Qg3 21.Ng4 Bf4 22.Qd4 h5
23.Qg1 hxg4 24.fxg4 Be3 25.Qh2 Qxh2+ 26.Kxh2 b5 {#R} 0-1

[Event "It (open)"]
[Site "masterchessopen.com  Bad Woerishofen (Germany)"]
[Round "8"]
[White "Hartung Thomas Dr (GER)"]
[Black "Kroencke Manfred (GER)"]
[Result "0-1"]
[WhiteElo "2061"]
[BlackElo "2219"]

1.e4 c5 2.Nf3 e6 3.d4 cxd4 4.Nxd4 Nc6 5.Nc3 Qc7 6.Be3 a6 7.Be2 Nf6 8.O-O Bb4
9.f3 O-O 10.g4 d6 11.g5 Nd7 12.f4 Nxd4 13.Bxd4 Bc5 14.f5 Qb6 15.Bxc5 Qxc5+
16.Kg2 b5 17.a3 Bb7 18.Qd2 exf5 19.Rad1 fxe4 20.Qf4 Ne5 21.Kg3 Ng6 22.Qg4 d5
23.h4 Qe3+ 24.Kh2 d4 {#R} 0-1

[Event "Ch NRW (juniors) (under 18)"]
[Site "masterchessopen.com  Bergneustadt (Germany)"]
[Round "4"]
[White "Kalla Christian (GER)"]
[Black "Serbu Eli (GER)"]
[Result "0-1"]
[WhiteElo "1961"]
[BlackElo "2158"]

1.e4 c5 2.Nf3 Nc6 3.d4 cxd4 4.Nxd4 Qc7 5.Nc3 e6 6.Be3 a6 7.Be2 Nf6 8.O-O Bb4
9.Nxc6 bxc6 10.Na4 Bd6 11.h3 Rb8 12.Bb6 Bh2+ 13.Kh1 Qf4 14.Be3 Qxe4 15.Kxh2
Qxa4 16.Qd6 Rxb2 17.Qc7 O-O 18.Bc5 Re8 19.a3 Qxc2 {#R} 0-1

[Event "Ch Belgium (open)"]
[Site "masterchessopen.com  Charleroi (Belgium)"]
[Round "6"]
[White "Lejeune Vincent (BEL)"]
[Black "Du Pont David (BEL)"]
[Result "0-1"]
[WhiteElo "1972"]
[BlackElo "2087"]

1.e4 c5 2.Nf3 Nc6 3.d4 cxd4 4.Nxd4 Qc7 5.Nc3 e6 6.Be3 a6 7.Be2 Nf6 8.f4 Bb4
9.Bf3 Bxc3+ 10.bxc3 O-O 11.O-O Na5 12.Qd3 Nc4 13.e5 Ne8 14.Be2 b5 15.Nf3 h6
16.Nd2 Nxe3 17.Qxe3 d6 18.c4 dxe5 19.fxe5 bxc4 20.Nxc4 Bb7 21.Rf4 Bd5 22.Nb6
Rd8 23.c4 Bb7 24.Rd4 Qxb6 {#R} 0-1

[Event "Ch Iceland (team) 2000/01"]
[Site "masterchessopen.com  Iceland"]
[Round "0"]
[White "Gislason Gudmundur (ISL)"]
[Black "Oral Tomas (CZE)"]
[Result "0-1"]
[WhiteElo "2305"]
[BlackElo "2546"]

1.e4 c5 2.Nf3 Nc6 3.d4 cxd4 4.Nxd4 Qc7 5.Nc3 e6 6.Be3 a6 7.Be2 Nf6 8.O-O Bb4
9.Nxc6 bxc6 10.Bd3 d5 11.exd5 cxd5 12.Bd4 Bd6 13.Re1 Bxh2+ 14.Kh1 Bb7 15.Qf3
Bd6 16.Bxf6 gxf6 17.Nxd5 Bxd5 18.Qxd5 Ke7 19.Qf3 Rag8 20.Re4 Rg5 21.Rae1 Rhg8
22.Rh4 Rxg2 23.Qxg2 Rxg2 24.Kxg2 Qb7+ 25.Kf1 Qxb2 26.Rxh7 Bc5 27.Bg6 Qd4
28.Rxf7+ Kd6 {#R} 0-1

[Event "Ch Poland (team) (juniors) (under 20) (2 div)"]
[Site "masterchessopen.com  Krynica (Poland)"]
[Round "7"]
[White "Szczesniak Piotr (POL)"]
[Black "Przezdziecka Marta (POL)"]
[Result "0-1"]
[WhiteElo "1932"]
[BlackElo "2249"]

1.e4 c5 2.Nf3 e6 3.d4 cxd4 4.Nxd4 a6 5.Nc3 Qc7 6.Be3 Nc6 7.Be2 Nf6 8.a3 b5
9.O-O Be7 10.f4 Bb7 11.Bf3 d6 12.e5 dxe5 13.Bxc6+ Bxc6 14.Nxc6 Qxc6 15.fxe5
Nd7 16.Qg4 O-O-O 17.Bf4 Bc5+ 18.Kh1 g5 19.Bxg5 Rdg8 20.Qe4 Qxe4 21.Nxe4 {#R}
0-1

[Event "Ch ASEAN (juniors) (under 12)"]
[Site "masterchessopen.com  Kuala Lumpur (Malaysia)"]
[Round "9"]
[White "Chan Peng-Khoon Gerald (SIN)"]
[Black "Tan Shihao Sean (SIN)"]
[Result "0-1"]
[WhiteElo "1986"]
[BlackElo "2067"]

1.e4 c5 2.Nf3 e6 3.d4 cxd4 4.Nxd4 Nc6 5.Nc3 Qc7 6.Be3 a6 7.Be2 Nf6 8.O-O Bb4
9.f3 O-O 10.Qe1 d5 11.exd5 Nxd5 12.Nxd5 exd5 13.c3 Nxd4 14.Bxd4 Bc5 15.Qf2
Bxd4 16.Qxd4 Be6 17.Bd3 Rac8 18.Bc2 Qc5 19.Rfd1 Rfd8 20.Qxc5 Rxc5 21.Rd4 Kf8
22.Kf2 Ke7 23.Rad1 h6 24.Bb3 b5 25.Ke3 Kd6 26.c4 Kc6 27.Kf4 Rd6 28.Ke5 dxc4+
{#R} 0-1

[Event "It (open)"]
[Site "masterchessopen.com  Sautron (France)"]
[Round "8"]
[White "Bouvier Bruno (FRA)"]
[Black "Makarov Marat (RUS)"]
[Result "0-1"]
[WhiteElo "2251"]
[BlackElo "2521"]

1.e4 c5 2.Nf3 e6 3.Nc3 Nc6 4.d4 cxd4 5.Nxd4 Qc7 6.Be2 a6 7.Be3 Nf6 8.O-O Bb4
9.Na4 Bd6 10.f4 Nxe4 11.c4 O-O 12.Rc1 f5 13.c5 Be7 14.Qb3 Kh8 15.Rfd1 Rb8
16.Bf3 d5 17.cxd6 Bxd6 18.Bxe4 fxe4 19.Nxc6 bxc6 20.Bb6 Qe7 21.Rxd6 Qxd6
22.Bc5 Qxf4 23.Qd1 Re8 24.Bd6 Qe3+ 25.Kh1 Rb5 26.Rc3 Rd5 {#R} 0-1

[Event "Ch Hungary (team) 2001/02 (2 liga)"]
[Site "masterchessopen.com  Hungary"]
[Date "2001.10.14"]
[Round "2"]
[White "Neber Akos (HUN)"]
[Black "Tenyi Jozsef (HUN)"]
[Result "1-0"]
[WhiteElo "2205"]
[BlackElo "2211"]

1.e4 c5 2.Nf3 e6 3.d4 cxd4 4.Nxd4 Nc6 5.Nc3 Qc7 6.Be3 a6 7.Be2 Nf6 8.O-O Bb4
9.Na4 O-O 10.Nxc6 bxc6 11.Nb6 Rb8 12.Nxc8 Rfxc8 13.Bxa6 Rf8 14.Bd3 Bd6 15.f4
e5 16.f5 Rxb2 17.g4 Qa5 18.g5 Bc5 19.gxf6 Bxe3+ 20.Kh1 gxf6 21.Rg1+ Bxg1
22.Qg4+ {#r} 1-0

[Event "Ch Asian Cities (team)"]
[Site "masterchessopen.com  Aden (Yemen)"]
[Round "3"]
[White "Nawas Abdul Rahman (YEM)"]
[Black "Ardiansyah H (INA)"]
[Result "0-1"]
[WhiteElo "2120"]
[BlackElo "2407"]

1.e4 c5 2.Nf3 Nc6 3.d4 cxd4 4.Nxd4 Qc7 5.Nc3 e6 6.Be3 a6 7.Be2 Nf6 8.O-O Bb4
9.f3 O-O 10.Na4 d5 11.Nxc6 Qxc6 12.Nb6 Bc5 13.Nxa8 Bxe3+ 14.Kh1 b5 15.e5 Nd7
16.f4 Bb7 17.Bd3 d4 18.Qg4 f5 19.exf6 Nxf6 20.Qg5 Bxa8 21.Rf3 Qxf3 {#R} 0-1

[Event "Cup Greek Club (team)"]
[Site "masterchessopen.com  Athens (Greece)"]
[Round "1"]
[White "Sigalas Frangiskos (GRE)"]
[Black "Botsari Anna-Maria (GRE)"]
[Result "0-1"]
[WhiteElo "2157"]
[BlackElo "2350"]

1.e4 c5 2.Nf3 Nc6 3.d4 cxd4 4.Nxd4 Qc7 5.Nc3 e6 6.Be3 a6 7.Be2 Nf6 8.a3 Na5
9.Qd3 b5 10.O-O Bb7 11.Rad1 Rc8 12.f4 Nc4 13.Bc1 Be7 14.g4 h6 15.Bf3 e5 16.Nf5
Bc5+ 17.Kh1 g6 18.g5 hxg5 19.fxg5 gxf5 20.gxf6 Bd4 21.Rg1 Bxg1 22.Rxg1 Qd6
23.Bh6 Qxd3 24.cxd3 Nxb2 25.Bg7 Rh7 26.Ne2 Nxd3 {#R} 0-1

[Event "It (open)"]
[Site "masterchessopen.com  Bethune (France)"]
[Round "5"]
[White "Cappon John (FRA)"]
[Black "Barski Vincent (FRA)"]
[Result "1-0"]
[WhiteElo "2193"]
[BlackElo "1829"]

1.e4 c5 2.Nf3 e6 3.d4 cxd4 4.Nxd4 Nc6 5.Nc3 Qc7 6.Be3 a6 7.Be2 Nf6 8.O-O Bb4
9.Na4 Nxe4 10.Nxc6 Qxc6 11.Nb6 Rb8 12.Qd4 Be7 13.Bf3 d5 14.c4 Bf6 15.Qd1 Nc5
16.Nxc8 Qxc8 17.cxd5 O-O 18.Rc1 b6 19.b4 exd5 20.bxc5 d4 21.Bf4 bxc5 22.Bxb8
Qxb8 23.Rxc5 {#r} 1-0

[Event "Ch France (juniors) (under 18) (g)"]
[Site "masterchessopen.com  Hyeres (France)"]
[Round "4"]
[White "Delorme Laurie (FRA)"]
[Black "Le Diouron Aurelie (FRA)"]
[Result "0-1"]
[WhiteElo "2002"]
[BlackElo "1954"]

1.e4 c5 2.Nf3 e6 3.d4 cxd4 4.Nxd4 Nc6 5.Nc3 a6 6.Be3 Qc7 7.Be2 Nf6 8.O-O b5
9.a3 Bb7 10.f4 Na5 11.Bf3 Nc4 12.Bc1 Bc5 13.Kh1 O-O 14.e5 Bxf3 15.Nxf3 Ng4
16.Ne4 Nge3 17.Bxe3 Nxe3 18.Qd3 Nxf1 19.Nfg5 g6 20.Qh3 h5 21.Nf6+ Kg7 22.Nxh5+
gxh5 23.Qxh5 Ng3+ {#R} 0-1

[Event "It (open)"]
[Site "masterchessopen.com  Issy Les Moulineaux (France)"]
[Round "7"]
[White "Bangnoi Alexandre (FRA)"]
[Black "Le Bideau Alain (FRA)"]
[Result "1-0"]
[WhiteElo "2101"]
[BlackElo "2218"]

1.e4 c5 2.Nf3 e6 3.d4 cxd4 4.Nxd4 a6 5.Nc3 Nc6 6.Be2 Qc7 7.Be3 Nf6 8.O-O Bb4
9.Bd3 O-O 10.Kh1 Ne5 11.f4 Nc4 12.Bc1 Nxb2 13.Bxb2 Bxc3 14.Bxc3 Qxc3 15.e5 Nd5
16.Rf3 Qb2 17.Bxh7+ Kxh7 18.Rb3 Qxb3 19.axb3 Nxf4 20.Qg4 Ng6 21.Qh5+ Kg8
22.Nf3 Re8 23.Rf1 d6 24.Ng5 Nxe5 25.Nxf7 {#r} 1-0

[Event "Ch Slovenia (team) (juniors)"]
[Site "masterchessopen.com  Slovenia"]
[Round "1"]
[White "Orel Karmen (SLO)"]
[Black "Kukovec Borut (SLO)"]
[Result "0-1"]
[WhiteElo "2025"]
[BlackElo "2179"]

1.e4 c5 2.Nf3 Nc6 3.d4 cxd4 4.Nxd4 Qc7 5.Nc3 e6 6.Be2 a6 7.Be3 Nf6 8.f4 Bb4
9.Qd3 d5 10.e5 Ne4 11.O-O Bxc3 12.bxc3 Na5 13.Bd2 Bd7 14.Be1 Rc8 15.Rf3 Qb6
16.Qd1 Rc5 17.Kh1 Qc7 18.Qd3 O-O 19.Rh3 Rxc3 20.Qxc3 Nxc3 21.Rxc3 Nc4 22.Rh3
f6 23.Bd3 g6 24.Bb4 Rf7 25.Nf3 fxe5 26.Ng5 Rxf4 27.Rxh7 e4 28.Nxe6 Qe5 {#R}
0-1

[Event "It (open) \"]
[Site "masterchessopen.com  Salonika (Greece)"]
[Date "2002.12.23"]
[Round "3"]
[White "Abatzidis Stelios (CYP)"]
[Black "Kapnisis Spyridon (GRE)"]
[Result "0-1"]
[WhiteElo "2058"]
[BlackElo "2393"]

1.e4 c5 2.Nf3 Nc6 3.d4 cxd4 4.Nxd4 Qc7 5.Nc3 e6 6.Ndb5 Qb8 7.Be3 a6 8.Nd4 Qc7
9.Be2 Nf6 10.f4 Bb4 11.Bf3 Na5 12.Ne2 Nc4 13.Qc1 d6 14.Bf2 O-O 15.O-O Bc5
16.Nd1 e5 17.c3 d5 18.fxe5 Nxe4 19.Bxe4 dxe4 20.Bxc5 Qxc5+ 21.Nd4 Nxe5 22.Qe3
Qd5 23.b3 f5 24.c4 Qd6 25.Qc3 Ng4 26.Qd2 Qxh2# 0-1

[Event "It (open) \"]
[Site "masterchessopen.com  Belgrade (Yugoslavia)"]
[Round "8"]
[White "Babic Janko (SRB)"]
[Black "Petkovic Nikola (SRB)"]
[Result "1-0"]
[WhiteElo "1980"]
[BlackElo "2096"]

1.e4 c5 2.Nf3 e6 3.d4 cxd4 4.Nxd4 Nc6 5.Nc3 Qc7 6.Be3 a6 7.Be2 Nf6 8.O-O Bb4
9.f3 O-O 10.Kh1 d5 11.Bd3 Na5 12.Nce2 Bd6 13.Qe1 Nc4 14.Bxc4 Qxc4 15.Bg5 dxe4
16.Qh4 exf3 17.Rxf3 Be5 18.Rh3 Rd8 19.Bxf6 Bxf6 20.Qxh7+ Kf8 21.Qe4 Rxd4
22.Rh8+ Ke7 23.Nxd4 Qxd4 24.Qf3 Qd5 25.Qe2 g6 26.Rg8 Qc5 27.Rd1 {#r} 1-0

[Event "It (open)"]
[Site "masterchessopen.com  Bergheim (Germany)"]
[Round "5"]
[White "Bock Andreas (GER)"]
[Black "Schuetz Hans-Joachim (GER)"]
[Result "1-0"]
[WhiteElo "2172"]
[BlackElo "1997"]

1.e4 e6 2.d4 c5 3.Nf3 cxd4 4.Nxd4 Nc6 5.Nc3 a6 6.Be2 Qc7 7.Be3 Bd6 8.g3 Nge7
9.O-O O-O 10.Ndb5 axb5 11.Nxb5 Qa5 12.Nxd6 Qc7 13.Qd2 f5 14.exf5 Nxf5 15.Bf4
g5 16.Nb5 Qb6 17.Bc7 Qc5 18.Qxg5+ Kh8 19.Bd6 {#r} 1-0

[Event "Ch Germany (team) (w)"]
[Site "masterchessopen.com  Naumburg (Germany)"]
[Round "4"]
[White "Fuchs Antje (GER)"]
[Black "Koglin Anke (GER)"]
[Result "0-1"]
[WhiteElo "2107"]
[BlackElo "2192"]

1.e4 c5 2.Nf3 e6 3.d4 cxd4 4.Nxd4 Nc6 5.Nc3 Qc7 6.Be3 a6 7.Be2 Nf6 8.O-O Bb4
9.Bg5 Bxc3 10.Bxf6 gxf6 11.bxc3 b6 12.Rb1 Rb8 13.Kh1 Rg8 14.f4 Bb7 15.Bh5 Ne7
16.Qd3 Rc8 17.Rf2 Ng6 18.Ne2 Qc5 19.Rd1 Rd8 20.f5 Qxf2 21.fxe6 fxe6 22.Nd4 Kf7
23.Rf1 Qh4 24.e5 Qxh5 25.Rxf6+ Kg7 {#R} 0-1